LAW OF TORT (Record no. 29300)
[ view plain ]
| 000 -LEADER | |
|---|---|
| fixed length control field | 00197nam a2200085Ia 4500 |
| 008 - FIXED-LENGTH DATA ELEMENTS--GENERAL INFORMATION | |
| fixed length control field | 170620s9999 xx 000 0 und d |
| 100 ## - MAIN ENTRY--PERSONAL NAME | |
| Personal name | SINGH- S P |
| 245 #0 - TITLE STATEMENT | |
| Title | LAW OF TORT |
| 260 ## - PUBLICATION, DISTRIBUTION, ETC. | |
| Name of publisher, distributor, etc. | Universal Law Publication |
| 260 ## - PUBLICATION, DISTRIBUTION, ETC. | |
| Date of publication, distribution, etc. | 2007 |
| Withdrawn status | Lost status | Source of classification or shelving scheme | Damaged status | Not for loan | Home library | Current library | Date acquired | Source of acquisition | Total Checkouts | Total Renewals | Barcode | Checked out | Date last seen | Date last checked out | Price effective from | Koha item type |
|---|---|---|---|---|---|---|---|---|---|---|---|---|---|---|---|---|
| IIMT University College of Law | IIMT University College of Law | 04/15/2008 | 94 | 4 | 3 | 04-B-2637 | 09/01/2021 | 08/13/2021 | 08/13/2021 | 06/29/2017 | Book Bank | |||||
| IIMT University College of Law | IIMT University College of Law | 04/15/2008 | 94 | 6 | 5 | 04-B-2638 | 03/15/2023 | 11/15/2022 | 11/15/2022 | 06/29/2017 | Book Bank | |||||
| IIMT University College of Law | IIMT University College of Law | 04/15/2008 | 94 | 7 | 3 | 04-B-2639 | 02/20/2023 | 11/23/2022 | 06/29/2017 | Book Bank | ||||||
| IIMT University College of Law | IIMT University College of Law | 04/15/2008 | 94 | 7 | 6 | 04-B-2640 | 02/27/2023 | 11/14/2022 | 06/29/2017 | Book Bank | ||||||
| IIMT University College of Law | IIMT University College of Law | 04/15/2008 | 94 | 7 | 4 | 04-B-2641 | 01/06/2020 | 12/03/2019 | 06/29/2017 | Text-Book- for 7 days |

